A Revisionist view of tropical deforestation and development (Record no. 53576)

MARC details
000 -LEADER
fixed length control field 00421nam a2200157Ia 4500
100 ## - MAIN ENTRY--AUTHOR NAME
Personal name Dove M R
245 #2 - TITLE STATEMENT
Title A Revisionist view of tropical deforestation and development
260 ## - PUBLICATION, DISTRIBUTION, ETC. (IMPRINT)
Name of publisher Environmental Conservation
Year of publication 1993
300 ## - PHYSICAL DESCRIPTION
Number of Pages 17-24
500 ## - GENERAL NOTE
General note Source Year: 1994
650 ## - SUBJECT ADDED ENTRY--TOPICAL TERM
Topical Term Indonesia
650 ## - SUBJECT ADDED ENTRY--TOPICAL TERM
Topical Term Tropical deforestation
856 ## - ELECTRONIC LOCATION AND ACCESS
Uniform Resource Identifier WAERS
942 ## - ADDED ENTRY ELEMENTS (KOHA)
Koha item type Journals
Holdings
Withdrawn status Lost status Damaged status Not for loan Home library Current library Shelving location Date acquired Serial Enumeration / chronology Koha item type
      Journals RRII Library RRII Library Agricultural economics 17/12/2021 Volume 20, Issue 1 Journals